000 01716nam a2200433Ia 4500
001 ebr10748328
003 CaPaEBR
006 m o u
007 cr cn|||||||||
008 050224s2005 paua sb 000 0 eng d
010 _z 2005042260
020 _z0812219090 (pbk. : alk. paper)
020 _z9780812208689
020 _z9780812219098
040 _aCaPaEBR
_cCaPaEBR
035 _a(OCoLC)607632942
041 1 _aeng
_hfre
050 1 4 _aCR4513
_b.C4313 2005eb
082 0 4 _a394/.7/0940902
_223
100 1 _aCharny, Geoffroi de,
_d-1356.
240 1 0 _aLivre de chevalerie.
_lEnglish
245 1 2 _aA knight's own book of chivalry
_h[electronic resource] :
_bGeoffroi De Charny /
_cintroduction by Richard W. Kaeuper ; translation by Elspeth Kennedy.
260 _aPhiladelphia :
_bUniversity of Pennsylvania Press,
_c2005.
300 _avi, 116 p. :
_bill.
490 1 _aThe Middle Ages series
504 _aIncludes bibliographical references.
533 _aElectronic reproduction.
_bPalo Alto, Calif. :
_cebrary,
_d2013.
_nAvailable via World Wide Web.
_nAccess may be limited to ebrary affiliated libraries.
546 _aTranslated from the French.
600 1 0 _aCharny, Geoffroi de,
_d-1356.
_tLivre de chevalerie.
650 0 _aChivalry
_vEarly works to 1800.
650 0 _aKnights and knighthood
_vEarly works to 1800.
650 0 _aCourtly love
_vEarly works to 1800.
655 7 _aElectronic books.
_2local
700 1 _aKaeuper, Richard W.
700 1 _aKennedy, Elspeth.
710 2 _aebrary, Inc.
830 0 _aMiddle Ages series.
856 4 0 _uhttp://site.ebrary.com/lib/rucke/Doc?id=10748328
_zAn electronic book accessible through the World Wide Web; click to view
999 _c113860
_d113860